Las mujeres disparan : (Record no. 197721)
[ view plain ]
| 000 -LEADER | |
|---|---|
| campo de control de longitud fija | 01307nam a2200325 i 4500 |
| 001 - NÚMERO DE CONTROL | |
| campo de control | 197721 |
| 003 - IDENTIFICADOR DE NÚMERO DE CONTROL | |
| campo de control | SpMaBN |
| 005 - FECHA Y HORA DE LA ÚLTIMA TRANSACCIÓN | |
| campo de control | 20250831063045.0 |
| 008 - DATOS DE LONGITUD FIJA--INFORMACIÓN GENERAL | |
| campo de control de longitud fija | 250606s2024 sp |||||| 000 | spa| |
| 017 ## - NÚMERO DE COPYRIGHT O DE DEPÓSITO LEGAL | |
| Número de copyright o de depósito legal | M 8114-2025 |
| Agencia que asigna | Oficina Depósito Legal Madrid |
| 020 ## - NÚMERO INTERNACIONAL ESTÁNDAR DEL LIBRO | |
| Número Internacional Estándar del Libro | 9788412996708 |
| 040 ## - FUENTE DE CATALOGACIÓN | |
| Centro catalogador/agencia de origen | SpMaBN |
| Lengua de catalogación | spa |
| Centro/agencia transcriptor | SpMaBN |
| Normas de descripción | rda |
| 100 1# - ENTRADA PRINCIPAL--NOMBRE DE PERSONA | |
| Nombre de persona | Dalmau, Carmen |
| 9 (RLIN) | 241239 |
| Término indicativo de función/relación | Autor |
| 245 10 - MENCIÓN DEL TÍTULO | |
| Título | Las mujeres disparan : |
| Resto del título | la mirada de las grandes fotografas en España / |
| Mención de responsabilidad, etc. | Carmen Dalmau. |
| 260 ## - PUBLICACIÓN, DISTRIBUCIÓN, ETC. | |
| Lugar de publicación, distribución, etc. | Boadilla del Monte (Madrid) : |
| Nombre del editor, distribuidor, etc. | JdeJ editores, |
| Fecha de publicación, distribución, etc. | 2025. |
| 300 ## - DESCRIPCIÓN FÍSICA | |
| Extensión | 207 páginas ; |
| Dimensiones | 21 cm. |
| 336 ## - TIPO DE CONTENIDO | |
| Término de tipo de contenido | texto |
| Fuente | rdacontent |
| 337 ## - TIPO DE MEDIO | |
| Nombre/término del tipo de medio | sin mediación |
| Fuente | rdamedia |
| 338 ## - TIPO DE SOPORTE | |
| Nombre/término del tipo de soporte | volumen |
| Fuente | rdacarrier |
| 650 #4 - PUNTO DE ACCESO ADICIONAL DE MATERIA--TÉRMINO DE MATERIA | |
| 9 (RLIN) | 12950 |
| Término de materia o nombre geográfico como elemento de entrada | Fotografía- |
| Subdivisión geográfica | España |
| 650 #4 - PUNTO DE ACCESO ADICIONAL DE MATERIA--TÉRMINO DE MATERIA | |
| 9 (RLIN) | 12968 |
| Término de materia o nombre geográfico como elemento de entrada | Fotógrafos- |
| Subdivisión general | Biografías |
| 650 #7 - PUNTO DE ACCESO ADICIONAL DE MATERIA--TÉRMINO DE MATERIA | |
| 9 (RLIN) | 173961 |
| Término de materia o nombre geográfico como elemento de entrada | Mujeres artistas- |
| Subdivisión geográfica | España |
| 655 #0 - TERMINO DE INDIZACIÓN--GENERO/FORMA | |
| 9 (RLIN) | 176636 |
| Datos o término principal de género/forma | Ensayos |
| 852 ## - LOCALIZACIÓN | |
| Ubicación | ES-MaACL |
| Ubicación en estantería | Depósito J |
| Número de control de estantería | N-10594 |
| Anotaciones manuscritas | Dedicatoria autógrafa de la autora |
| Donativo/Legado | Donación: Carmen Dalmau |
| Encuadernación | Encuadernación rústica con solapas |
| itemnumber | 206717 |
| 903 ## - NOMBRE PERSONAL DE DONANTE | |
| 9 | 241239 |
| a | Dalmau, Carmen |
| e | Donante |
| 942 ## - ELEMENTOS DE ENTRADA SECUNDARIOS (KOHA) | |
| Tipo de ítem Koha | Libro impreso |
| Suprimir en OPAC | No |
| Estatus retirado | Estado de pérdida | Fuente del sistema de clasificación o colocación | Estado de daño | No para préstamo | Colección | Biblioteca de origen | Biblioteca actual | Ubicación en estantería | Fecha de adquisición | Fuente de adquisición | Total de préstamos | Signatura topográfica completa | Código de barras | Visto por última vez | Precio de reemplazo | Tipo de ítem Koha |
|---|---|---|---|---|---|---|---|---|---|---|---|---|---|---|---|---|
| Clasificación decimal universal | Libros con dedicatorias | Biblioteca del Ateneo de Madrid | Biblioteca del Ateneo de Madrid | Depósito J | 29/08/2025 | Donación | N-10594 | 2025-1093 | 29/08/2025 | 29/08/2025 | Libro impreso |
